The Nature of trends in Malaysian macroeconomic time series /
Saved in:
| Main Author: | |
|---|---|
| Format: | Thesis |
| Language: | English |
| Published: |
Australia
: University of Queensland,
1989
|
| Subjects: | |
| Tags: |
Add Tag
No Tags, Be the first to tag this record!
|
| LEADER | 011920000a22003130004500 | ||
|---|---|---|---|
| 001 | 129439 | ||
| 005 | 20070614233900.0 | ||
| 008 | 970228s1989 at g m 000 0 eng d | ||
| 035 | |a 425379 | ||
| 035 | |a (Sirsi) 129439 | ||
| 040 | |a UIAM |b eng |e rda | ||
| 050 | 0 | |a HB141 | |
| 100 | 0 | |a Amirullah bin Tan, |e author | |
| 245 | 1 | 4 | |a The Nature of trends in Malaysian macroeconomic time series / |c Amirullah bin Tan |
| 264 | 1 | |a Australia |b : University of Queensland, |c 1989 | |
| 300 | |a iii, 92 pages ; |c 30 cm. | ||
| 336 | |2 rdacontent |a text | ||
| 337 | |2 rdamedia |a unmediated | ||
| 338 | |2 rdacarrier |a volume | ||
| 502 | |a Thesis (M.A.)--University of Queensland, 1989. | ||
| 596 | |a 1 | ||
| 650 | 0 | |a Macroeconomics |x Econometric models | |
| 650 | 0 | |a Time-series analysis | |
| 655 | 0 | 7 | |a Theses, non-IIUM |
| 710 | 2 | |a University of Queensland | |
| 900 | |a imj-bal-naw | ||
| 999 | |c 430913 |d 462404 | ||
| 952 | |0 0 |6 T HB 000141 A517N 1989 |7 0 |8 THESES |9 750456 |a IIUM |b IIUM |c MULTIMEDIA |g 0.00 |o t HB 141 A517N 1989 |p 00000425384 |r 2017-10-19 |t 2 |v 0.00 |y THESIS | ||
| 952 | |0 0 |6 LU T HB141A517N 1989 |7 0 |8 THESES |9 750457 |a IIUM |b IIUM |c CLOSEACCES |g 0.00 |o lu t HB141A517N 1989 |p 00010981527 |r 2017-10-25 |t 1 |v 0.00 |y THESIS | ||
